00446 a2200181 4500260001100000630003800011650002600049100002500075260002000100300001100120245003200131650002500163650002600188650002400214260000900238300001000247100000700257 aOxford a30 - Sciences sociales en general a3 - SCIENCES SOCIALES aRattray, Capt. R. S. bClarendon Press a414 p. aReligion and art in Ashanti aCivilisation ashanti aPratiques religieuses aSociologie de l'art c1969 b22 cm lEn